000 00539nam a22001817a 4500
005 20241120103213.0
008 241120b |||||||| |||| 00| 0 eng d
020 _a0947905057
041 _aEnglish
082 _a968.8 NAM
100 _lEnglish
245 _aNamibia: 1884-1984 Reading's on Namibia's History and Society
250 _aFirst Edition
260 _aLondon:
_bNamibia Support Committee,
_c1988
300 _bxxvi, 762 pages;
_c25 cm.
650 _aLegal practice
_bLaw
942 _cBK
_6ALISON_BN_VRIES
999 _c3246
_d3246